| 000 | 00639cam a2200241u 4500 | ||
|---|---|---|---|
| 001 | 29809 | ||
| 003 | BD-RjUL | ||
| 005 | 20211209051450.0 | ||
| 008 | 140407s1951 nyua 001 0 eng | ||
| 035 | _a(BD-RjUL)29894 | ||
| 040 |
_aDLC _cCarP _dDLC _beng |
||
| 041 | _aeng | ||
| 082 |
_a137 _bBAW 1951 |
||
| 100 | 1 |
_aBailard, Virginia. _990732 |
|
| 245 | 1 | 0 |
_aWays to improve your personality / _cVirginia Bailard |
| 260 |
_aNew York : _bWhittlesey House, _c1951 |
||
| 300 |
_a249 p. : _bill. ; _c21 cm. |
||
| 504 | _aIncludes index | ||
| 650 | 0 |
_aSuccess. _942064 |
|
| 942 |
_2ddc _cBK |
||
| 999 |
_c29809 _d29809 |
||